000
00320nam a2200121Ia 4500
008
150202s9999 xx 000 0 und d
050
_a
FIC
_b
FIC
100
_a
Keyes, Ken Jr.
245
4
_a
The hundredth monkey /
_c
Ken Keyes Jr.
260
_b
Vision Books,
_c
1983.
300
_a
176 pages :
_c
18 cm.
650
_a
Fiction.
999
_c
282150
_d
282150